000 01065nam0a22002651 4500
001 rc\3038045
005 20250806201848.0
035 _a(NLR Aleph) 007178499
090 _a21112
_c21112
100 _a20111004d1945 u y0rusy50 ca
101 0 _arus
102 _aRU
105 _aa z |||||
200 1 _aИгарское опытное подземелье в вечномерзлой толще
_fВ.Ф. Тумель
_gАкад. наук СССР. Ин-т мерзлотоведения им. Обручева
210 _aМосква
_aЛенинград
_cизд-во и 2-я тип. Изд-ва Акад. наук СССР
_d1945
_eМосква
215 _a83 с.
_cил., черт.
_d22 см
320 _a"Литература", с. 82 (12 назв.)
700 1 _aТумель
_bВ.Ф.
_f1905-1947
_gВацлав Феликсович
801 0 _aRU
_bNLR
_gpsbo
801 1 _aRU
_bELAR
_2rusmarc
852 _aNLR
_jТ80 Г-6/274
942 _cBOOK
945 _aРоссийская национальная библиотека
980 _aNB
980 _aBV